ბათუმის შოთა რუსთაველის სახელმწიფო უნივერსიტეტის ბიბლიოთეკა

ჩრდილოეთის დაპყრობა (ბიბ.ჩანაწერი № 43250)

000 -LEADER
fixed length control field 00677nam a2200229Ia 4500
001 - CONTROL NUMBER
control field 9977
003 - CONTROL NUMBER IDENTIFIER
control field GE_BSU
008 - FIXED-LENGTH DATA ELEMENTS--GENERAL INFORMATION
fixed length control field 181216s||||||||xx |||||||||||||| ||und||
040 ## - CATALOGING SOURCE
Transcribing agency GE_BSU
080 ## - UNIVERSAL DECIMAL CLASSIFICATION NUMBER
Universal Decimal Classification number 821.353.1–1
100 ## - MAIN ENTRY--PERSONAL NAME
Personal name ჟურული,ვარლამ
245 ## - TITLE STATEMENT
Title ჩრდილოეთის დაპყრობა
245 ## - TITLE STATEMENT
Remainder of title ლექსები
245 ## - TITLE STATEMENT
Statement of responsibility, etc. რედ.ვ.ბერაია
260 ## - PUBLICATION, DISTRIBUTION, ETC.
Place of publication, distribution, etc. თბილისი
260 ## - PUBLICATION, DISTRIBUTION, ETC.
Name of publisher, distributor, etc. სახელგამი
260 ## - PUBLICATION, DISTRIBUTION, ETC.
Date of publication, distribution, etc. 1940
300 ## - PHYSICAL DESCRIPTION
Extent 36გვ.15სმ.
653 ## - INDEX TERM--UNCONTROLLED
Uncontrolled term ლექსები
653 ## - INDEX TERM--UNCONTROLLED
Uncontrolled term ჩრდილოეთის დაპყრობა
942 ## - ADDED ENTRY ELEMENTS (KOHA)
Koha item type წიგნი
ეგზემპლარები
Withdrawn status Lost status Damaged status Not for loan Date acquired Barcode Date last seen Price effective from Koha item type
        2018-12-17 33346 2018-12-17 2018-12-17 წიგნი
        2018-12-17 33347 2018-12-17 2018-12-17 წიგნი
        2018-12-17 33348 2018-12-17 2018-12-17 წიგნი
        2018-12-17 33349 2018-12-17 2018-12-17 წიგნი
        2018-12-17 33350 2018-12-17 2018-12-17 წიგნი
        2018-12-17 33351 2018-12-17 2018-12-17 წიგნი
        2018-12-17 33352 2018-12-17 2018-12-17 წიგნი